|
|
|
|
| LEADER |
00000cab a2200000 a 4500 |
| 001 |
036362 |
| 003 |
UAHC_CL |
| 005 |
20170803124000.0 |
| 008 |
030922s1994 cl f 000 spa |
| 040 |
|
|
|a UAHC_CL
|c UAHC_CL
|d UAHC_CL
|
| 100 |
1 |
|
|a Letelier G., María Eugenia
|
| 245 |
1 |
3 |
|a El debate en torno a la relación entre educación y trabajo /
|c María Eugenia Letelier G.
|
| 260 |
|
|
|b Pontificia Universidad Católica de Chile
|c 1998
|a Santiago, Chile
|
| 300 |
|
|
|a p. 293-319
|
| 500 |
|
|
|a En: Pensamiento educativo, nû22, 1998. p. 293-319. ISSN 07171013.
|
| 500 |
|
|
|a En: Pensamiento educativo, n°22, 1998. p. 293-319. ISSN 07171013.
|
| 500 |
|
|
|a En: Pensamiento educativo, nç22, 1998. p. 293-319. ISSN 07171013.
|
| 520 |
|
|
|a Las relaciones entre educación y trabajo tienen una larga historia, con distintas expresiones las que son presentadas, brevemente, en el artículo. Desde hace algunos años, esta relación está pensionada en un nuevo contexto donde las concepciones económicas y la demanda productiva prevalece sobre los enfoques pedagógicos y didácticos.\Existe así, una intervención de la teoría económica en el campo educativo, produciendo un nuevo discurso que configura de distinta manera esa relación y que trae consecuencias muy específicas a la práctica educativa.
|
| 520 |
|
|
|a Las relaciones entre educación y trabajo tienen una larga historia, con distintas expresiones las que son presentadas, brevemente, en el artículo. Desde hace algunos años, esta relación está pensionada en un nuevo contexto donde las concepciones económicas y la demanda productiva prevalece sobre los enfoques pedagógicos y didácticos.\Existe así, una intervención de la teoría económica en el campo educativo, produciendo un nuevo discurso que configura de distinta manera esa relación y que trae consecuencias muy específicas a la práctica educativa.
|
| 759 |
|
|
|a PP160
|
| 773 |
0 |
|
|t Revista PRELAC
|w 041234
|
| 900 |
|
|
|a PENSAMIENTO EDUCATIVO-22/98
|
| 942 |
|
|
|c REVA
|
| 952 |
|
|
|0 0
|1 0
|4 0
|6 PENSAMIENTO_EDUCATIVO22_98_000000000000000
|7 0
|8 General
|9 69083
|a BC
|b BC
|c General
|d 2017-08-03
|l 0
|o PENSAMIENTO EDUCATIVO-22/98
|p FICTICIO4851
|r 2019-01-08 00:00:00
|t 1
|w 2017-08-03
|y REVA
|
| 999 |
|
|
|c 36362
|d 36362
|